Avtomatizirovannaja sistema upravlenija snabženijem nefteproduktami /

Uloženo v:
Podrobná bibliografie
Hlavní autor: Stramcov, Nikolaj Nikolajevič
Další autoři: Timonov, Lev Aleksandrovič, Kuzmenko, Marat Afanasjevič
Médium: Kniha
Jazyk:ruština
Vydáno: Moskva : Nedra, 1984
On-line přístup: Získat plný text
Tagy: Přidat tag
Žádné tagy, Buďte první, kdo vytvoří štítek k tomuto záznamu!

MARC

LEADER 00000nam a2200000 4500
003 SK-BrCVT
005 20220617200030.0
008 990605s1984 rur e ||||||rus d
035 |a CVTIDW0949440 
040 |b slo  |a CVTI SR 
041 0 |a rus 
044 |a rur 
080 |a 681.616.063:330.123.3+665.61  |2 UDC-MRF 
100 1 |a Stramcov, Nikolaj Nikolajevič 
242 1 0 |a Automatizovaný systém riadenia zásobovania ropnými produktmi 
245 1 0 |a Avtomatizirovannaja sistema upravlenija snabženijem nefteproduktami /  |c Nikolaj Nikolajevič Stramcov, Lev Aleksandrovič Timonov, Marat Afanasjevič Kuzmenko 
260 |a Moskva :  |b Nedra,  |c 1984 
300 |a 237 s. 
700 1 |a Timonov, Lev Aleksandrovič 
700 1 |a Kuzmenko, Marat Afanasjevič 
910 |b A441697 
974 |f Knihy 
992 |a AMG 
999 |c 105719  |d 105719